| 000 | 00521nam a22001817a 4500 | ||
|---|---|---|---|
| 005 | 20251108171824.0 | ||
| 008 | 250721s1984 xx 000 0 ara d | ||
| 082 | 1 | 4 | _a413.124/إبر |
| 100 | 1 | _aاليازجي، إبراهيم | |
| 245 | 1 | 0 | _aلغة الجرائد / |
| 264 | 1 |
_aبيروت : _bدار مارون عبود، _c1984. |
|
| 300 | _aج | ||
| 650 | 1 | 7 | _aاللغة العربية |
| 650 | 1 | 7 | _aالأخطاء اللغوية |
| 700 | 1 |
_aعبود، نظير _eجمع |
|
| 942 |
_2ddc _cBK |
||
| 999 |
_c63492 _d63492 |
||